000 01463nam a2200373Ia 4500
001 ebr10112734
003 CaPaEBR
006 m u
007 cr cn|||||||||
008 030221s2002 caua sb 001 0 eng d
010 _z 2003538335
020 _z9780738425191
020 _z0738425192
040 _aCaPaEBR
_cCaPaEBR
035 _a(OCoLC)560375930
050 1 4 _aQA76.9 .B32
_bI26 2002eb
082 0 4 _a005.8/6
_222
245 0 0 _aIBM Tivoli storage manager, version, 5.1 technical guide
_h[electronic resource] /
_c[Barry Kadleck ... et al.].
260 _aSan Jose, CA :
_bIBM International Technical Support Organization,
_cc2002.
300 _axviii, 348 p. :
_bill.
490 1 _aIBM redbooks
500 _a"June 2002."
500 _a"SG24-6554-00."
504 _aIncludes bibliographical references (p. 339-341) and index.
533 _aElectronic reproduction.
_bPalo Alto, Calif. :
_cebrary,
_d2009.
_nAvailable via World Wide Web.
_nAccess may be limited to ebrary affiliated libraries.
630 0 0 _aTivoli storage manager.
650 0 _aElectronic data processing
_xBackup processing alternatives.
650 0 _aData recovery (Computer science)
_vSoftware.
655 7 _aElectronic books.
_2local
700 1 _aKadleck, Barry.
710 2 _aebrary, Inc.
830 0 _aIBM redbooks.
856 4 0 _uhttp://site.ebrary.com/lib/rucke/Doc?id=10112734
_zAn electronic book accessible through the World Wide Web; click to view
999 _c107136
_d107136